000 00687nam a22002057a 4500
003 OSt
005 20251010022535.0
008 251010b |||||||| |||| 00| 0 eng d
020 _a978-007-107888-7
040 _aDWCL-Admin lib
_cOC
082 _22nd
_aCirc. 658.4033 L583b 2011
100 _aLeong, Thin-Yin
245 _aBusiness modeling with spreadsheets:problems,principles and practice/
_cThin-Yin Leong
260 _aSingapore:
_bMc Graw-Hill,
_cc2011
300 _axx, 448p. : ill. ;
_c24 cm. + 1CD-ROM
504 _aIncludes index.
650 _a1. Decision making-Mathematical models.
650 _a2. Management-Mathematical Models.
942 _2ddc
_cBK-CIRC
_e2nd
_kCirc.
_n0
999 _c4805
_d4805